000 00258cam a2200109ua 4500
999 _c12083
_d12083
082 _a352.0072
_bDEY/PA
100 _aDey, S.K .
_91990
245 _aPanchayathi raj /
260 _aMumbai :
_bAsia Publishing House ,
_c1962.
300 _a139 ; .
942 _cBK